LEADER 01448nam 2200337 450 001 9910571715203321 005 20230511141450.0 035 $a(CKB)5860000000047122 035 $a(NjHacI)995860000000047122 035 $a(EXLCZ)995860000000047122 100 $a20230511d2012 uy 0 101 0 $aeng 135 $aur||||||||||| 181 $ctxt$2rdacontent 182 $cc$2rdamedia 183 $acr$2rdacarrier 200 10$aElectronic Imaging & the Visual Arts $eEVA 2012 Florence /$fVito Cappellini 210 1$aFirenze :$cFirenze University Press,$d2012. 215 $a1 online resource (154 pages) 311 $a88-927-3591-8 330 $aThe key aim of this Event is to provide a forum for the user, supplier and scientific research communities to meet and exchange experiences, ideas and plans in the wide area of Culture & Technology. Participants receive up to date news on new EC and international arts computing & telecommunications initiatives as well as on Projects in the visual arts field, in archaeology and history. Working Groups and new Projects are promoted. Scientific and technical demonstrations are presented. 606 $aImaging systems 615 0$aImaging systems. 676 $a621.367 700 $aCappellini$b Vito$07911 801 0$bNjHacI 801 1$bNjHacl 906 $aBOOK 912 $a9910571715203321 996 $aElectronic Imaging & the Visual Arts$92264913 997 $aUNINA LEADER 02631oam 2200721 450 001 9910713821803321 005 20230918193615.0 024 8 $a40-995 035 $a(CKB)5470000002505437 035 $a(OCoLC)1195713654$z(OCoLC)1200462031 035 $a(EXLCZ)995470000002505437 100 $a20200914d2020 ua 0 101 0 $aeng 135 $aur||||||||||| 181 $ctxt$2rdacontent 182 $cc$2rdamedia 183 $acr$2rdacarrier 200 10$aAssessing the adequacy of DHS efforts to prevent child deaths in custody $ehearing before the Subcommittee on Border Security, Facilitation, and Operations of the Committee on Homeland Security, House of Representatives, One Hundred Sixteenth Congress, second session, January 14, 2020 210 1$aWashington :$cU.S. Government Publishing Office,$d2020. 215 $a1 online resource (iii, 58 pages) 300 $a"Serial no. 116-55." 300 $aAccess ID (govinfo): CHRG-116hhrg40995. 320 $aIncludes bibliographical references. 517 $aAssessing the adequacy of DHS efforts to prevent child deaths in custody 606 $aChild welfare$zMexican-American Border Region 606 $aDetention of persons$zMexican-American Border Region 606 $aNoncitizen children$zMexican-American Border Region 606 $aUnaccompanied immigrant children$zMexican-American Border Region 606 $aIllegal immigration$zMexican-American Border Region 606 $aUndocumented Immigrants 606 $aChild welfare$2fast 606 $aDetention of persons$2fast 606 $aNoncitizen children$2fast 606 $aUnaccompanied immigrant children$2fast 607 $aNorth America$zMexican-American Border Region$2fast 608 $aLegislative hearings.$2fast 608 $aRules.$2fast 608 $aLegislative hearings.$2lcgft 615 0$aChild welfare 615 0$aDetention of persons 615 0$aNoncitizen children 615 0$aUnaccompanied immigrant children 615 0$aIllegal immigration 615 2$aUndocumented Immigrants. 615 7$aChild welfare. 615 7$aDetention of persons. 615 7$aNoncitizen children. 615 7$aUnaccompanied immigrant children. 801 0$bGPO 801 1$bGPO 801 2$bOCLCF 801 2$bGPO 801 2$bOSO 801 2$bOCLCO 801 2$bOCLCQ 801 2$bCSA 801 2$bOCLCO 801 2$bOCLCQ 801 2$bGPO 906 $aBOOK 912 $a9910713821803321 996 $aAssessing the adequacy of DHS efforts to prevent child deaths in custody$93490672 997 $aUNINA